AKTA KASTAM 1967 (AKTA 235), PERATURAN-PERATURAN DAN PERINTAH : (Record no. 794)

000 -LEADER
fixed length control field aam a22 a 4500
003 - CONTROL NUMBER IDENTIFIER
control field AKMAL
005 - DATE AND TIME OF LATEST TRANSACTION
control field 20170505115155.0
008 - FIXED-LENGTH DATA ELEMENTS--GENERAL INFORMATION
fixed length control field 170505s2014 my e l 000 0 may d
020 ## - INTERNATIONAL STANDARD BOOK NUMBER
International Standard Book Number 9789678924795
Qualifying information paperback
040 ## - CATALOGING SOURCE
Original cataloging agency AKMAL
082 04 - DEWEY DECIMAL CLASSIFICATION NUMBER
Classification number 343.595056 MAL
Edition number 23
090 00 - LOCALLY ASSIGNED LC-TYPE CALL NUMBER (OCLC); LOCAL CALL NUMBER (RLIN)
Classification number (OCLC) (R) ; Classification number, CALL (RLIN) (NR) 343.595056
Local cutter number (OCLC) ; Book number/undivided call number, CALL (RLIN) MAL
110 1# - MAIN ENTRY--CORPORATE NAME
Corporate name or jurisdiction name as entry element Malaysia,
Relator term jurisdiction governed.
9 (RLIN) 400
245 10 - TITLE STATEMENT
Title AKTA KASTAM 1967 (AKTA 235), PERATURAN-PERATURAN DAN PERINTAH :
Remainder of title (HINGGA 15HB JULAI 2014) /
Statement of responsibility, etc. Disusun oleh: Lembaga Penyelidikan Undang-Undang
260 ## - PUBLICATION, DISTRIBUTION, ETC.
Place of publication, distribution, etc. Petaling Jaya, Selangor :
Name of publisher, distributor, etc. International Law Book Services, Wisma ILBS,
Date of publication, distribution, etc. 2014
300 ## - PHYSICAL DESCRIPTION
Extent 256 pages ;
Dimensions 24 cm.
490 1# - SERIES STATEMENT
Series statement UNDANG-UNDANG MALAYSIA
599 ## - LOCAL NOTE
Local Note DALAM PROSES
650 10 - SUBJECT ADDED ENTRY--TOPICAL TERM
Topical term or geographic name entry element Tariff
General subdivision Law and legislation
Geographic subdivision Malaysia
9 (RLIN) 20
650 20 - SUBJECT ADDED ENTRY--TOPICAL TERM
Topical term or geographic name entry element Customs administration
General subdivision Law and legislation
Geographic subdivision Malaysia
9 (RLIN) 1733
710 2# - ADDED ENTRY--CORPORATE NAME
Corporate name or jurisdiction name as entry element Lembaga Penyelidikan Undang-Undang,
Relator term editor.
9 (RLIN) 1734
830 #0 - SERIES ADDED ENTRY--UNIFORM TITLE
Uniform title Undang-undang Malaysia
9 (RLIN) 1735
942 ## - ADDED ENTRY ELEMENTS (KOHA)
Source of classification or shelving scheme
Koha item type Book
Holdings
Withdrawn status Lost status Source of classification or shelving scheme Damaged status Not for loan Collection code Home library Current library Shelving location Date acquired Inventory number Total Checkouts Full call number Barcode Date last seen Date last checked out Price effective from Koha item type Total Renewals
          NON-FICTION AKMAL Melaka AKMAL Melaka PINJAMAN 05.05.2017 306415 2 343.595056 MAL 201701644 07.08.2018 30.07.2018 05.05.2017 Book  
          NON-FICTION AKMAL Melaka AKMAL Melaka PINJAMAN 05.05.2017 306418 3 343.595056 MAL 201701642 16.08.2018 30.07.2018 05.05.2017 Book  
          NON-FICTION AKMAL Melaka AKMAL Melaka PINJAMAN 05.05.2017 306416 5 343.595056 MAL 201701630 06.08.2018 30.07.2018 05.05.2017 Book 1
          NON-FICTION AKMAL Melaka AKMAL Melaka PINJAMAN 05.05.2017   4 343.595056 MAL 201701629 20.03.2019 04.03.2019 05.05.2017 Book  
          NON-FICTION AKMAL Melaka AKMAL Melaka PINJAMAN 05.05.2017 306417   343.595056 MAL 201704669 23.05.2017   05.05.2017 Book  
Pusat Sumber Maklumat Dato' Haji Sarmin Md Hussin, Akademi Kastam Diraja Malaysia, Melaka
Tel: 06-2331106 | Faks: 06-2313787